| 000 | 00768nac a22002291u 4500 | ||
|---|---|---|---|
| 003 | EG-ScBUE | ||
| 005 | 20221027093448.0 | ||
| 008 | 221027s2005 gw abc f 000 0 eng d | ||
| 020 | _a3791328522 (v. 4) | ||
| 040 |
_aEG-ScBUE _beng _erda _cEG-ScBUE _dEG-ScBUE |
||
| 082 | 0 | 4 |
_a720.92 _bNOR _222 |
| 245 |
_aNorman Foster : _bworks 4 / _ceditor David Jenkins. |
||
| 264 | 1 |
_aMunich : _bPrestel, _c2005. |
|
| 300 |
_a563 pages : _billustrations (some color), maps, portraits (some color) _c31 cm |
||
| 504 | _a Includes bibliographical references and index. | ||
| 600 | 1 | 7 |
_aFoster, Norman, _d1935- _2BUEsh |
| 650 | 7 |
_aArchitecture _zGreat Britain. _2BUEsh |
|
| 653 | _bENGARC | ||
| 655 | _vReading book | ||
| 700 | 1 |
_aJenkins, Martin, _d1959- _eeditor. |
|
| 942 |
_cBB _2ddc |
||
| 999 |
_c3045 _d3045 |
||